| Tag |
First Indicator |
Second Indicator |
Subfields |
| LEADER |
00000cam a2200000 4500 |
| 001 |
in00000711607 |
| 005 |
20151016060050.0 |
| 008 |
750528s1943 nyu 00010 eng u |
| 010 |
|
|
|a 43008671
|
| 035 |
|
|
|a (OCoLC)01358603
|
| 035 |
|
|
|9 ADC8993AM
|
| 040 |
|
|
|c DZM
|d TXA
|d UtOrBLW
|
| 049 |
|
|
|a TXAM
|c 1 [113460]
|c 2 [405867]
|
| 050 |
0 |
0 |
|a F2223
|b .F85
|
| 082 |
0 |
|
|a 918
|
| 092 |
|
|
|a 918
|b F828s
|
| 100 |
1 |
|
|a Frank, Waldo David,
|d 1889-1967.
|
| 245 |
1 |
0 |
|a South American journey /
|c [by] Waldo Frank.
|
| 250 |
|
|
|a "First edition.".
|
| 264 |
|
1 |
|a New York :
|b Duell, Sloan and Pearce,
|c [1943]
|
| 300 |
|
|
|a xvii, 404 pages ;
|c 22 cm.
|
| 336 |
|
|
|a text
|b txt
|2 rdacontent
|
| 337 |
|
|
|a unmediated
|b n
|2 rdamedia
|
| 338 |
|
|
|a volume
|b nc
|2 rdacarrier
|
| 500 |
|
|
|a Map on lining papers.
|
| 500 |
|
|
|a "First edition."
|
| 651 |
|
0 |
|a South America
|x Description and travel.
|
| 999 |
|
|
|a MARS
|
| 999 |
f |
f |
|s 7573664d-ecd2-338c-9c81-bc49b8d5c763
|i 4002af36-733b-34ea-b755-b51f71cae7aa
|t 0
|
| 952 |
f |
f |
|p ric
|a Texas A&M University
|b Rellis Campus
|c Joint Library Facility
|d Remote Storage
|t 0
|e F2223 .F85
|h Library of Congress classification
|i unmediated -- volume
|m A14801439712
|
| 998 |
f |
f |
|a F2223 .F85
|t 0
|l Remote Storage
|